| 000 | 00627cab a2200229 4500 | ||
|---|---|---|---|
| 001 | WB3507-59 | ||
| 008 | 090401t1999 xxu||||| |||| 00| 0 eng d | ||
| 035 | _a(Sirsi) u91372 | ||
| 041 | _aeng | ||
| 245 | _aPesticide tax | ||
| 260 | _c1999 | ||
| 350 | _a0 | ||
| 490 |
_aFarmers Guardian _v12 February 1999, 1(1) |
||
| 520 | _aTwo independent reports claim that a pesticide tax would hit farm incomes and fail to deliver major environmental benefits. | ||
| 650 | _aFARM INCOMES | ||
| 650 | _aFARMERS | ||
| 650 | _aPESTICIDE TAX | ||
| 650 | _aPESTICIDES | ||
| 690 | _aTAXATION | ||
| 942 | _n0 | ||
| 948 | _c17/02/1999 | ||
| 999 |
_c57995 _d57995 |
||